• Infeld, Leopold,

di Personal Name

Records bibliografici associati: 1

001 - CONTROL NUMBER

  • control field: 450

003 - CONTROL NUMBER IDENTIFIER

  • control field: IT-RoPau

005 - DATE AND TIME OF LATEST TRANSACTION

  • control field: 20130227093517.0

008 - FIXED-LENGTH DATA ELEMENTS

  • fixed length control field: 130227|| aca||aabn | a|a d

040 ## - CATALOGING SOURCE

  • Original cataloging agency: IT-RoPau
  • Transcribing agency: IT-RoPau

100 ## - HEADING--PERSONAL NAME

  • Personal name: Infeld, Leopold,
  • Dates associated with a name: 1898-1968.

670 ## - SOURCE DATA FOUND

  • Source citation: Work cat.: (IT-RoPau)7: Einstein, Albert, 1879-1955 446, The evolution of physics;, 1938.
CREDITS: SOCIETA' SAN PAOLO Via A.Severo, 58 - ROMA (RM) & PERIODICI SAN PAOLO SRL Via Giotto, 36 MILANO & CISF Via Giotto, 36 MILANO & EDIZIONI SAN PAOLO SRL,  Piazza Soncino, 5 CINISELLO BALSAMO (MI) -- ITALY